UITU Library & LRC     

Discrete Mathematics for Computer Scientists & Mathematicians (Record no. 15210)

MARC details
000 -LEADER
fixed length control field 00500nam a2200181Ia 4500
008 - FIXED-LENGTH DATA ELEMENTS--GENERAL INFORMATION
fixed length control field 240925s9999 xx 000 0 und d
020 ## - INTERNATIONAL STANDARD BOOK NUMBER
International Standard Book Number 8120315022
082 ## - DEWEY DECIMAL CLASSIFICATION NUMBER
Classification number 511 MOT
100 ## - MAIN ENTRY--PERSONAL NAME
Personal name Mott, Joe L.
245 #0 - TITLE STATEMENT
Title Discrete Mathematics for Computer Scientists & Mathematicians
250 ## - EDITION STATEMENT
Edition statement 2nd
260 ## - PUBLICATION, DISTRIBUTION, ETC.
Place of publication, distribution, etc. New Delhi:
Name of publisher, distributor, etc. PHI Learning
Date of publication, distribution, etc. ,1986.
300 ## - PHYSICAL DESCRIPTION
Extent xxxi, 709p.
Other physical details NA
Type of unit Original
500 ## - GENERAL NOTE
General note Includes Index
600 ## - SUBJECT ADDED ENTRY--PERSONAL NAME
Personal name Humanities & Natural Science
650 ## - SUBJECT ADDED ENTRY--TOPICAL TERM
Topical term or geographic name entry element Mathematics
942 ## - ADDED ENTRY ELEMENTS (KOHA)
Koha item type Books
Holdings
Withdrawn status Lost status Damaged status Not for loan Collection Home library Current library Date acquired Source of acquisition Cost, normal purchase price Total checkouts Full call number Barcode Date last seen Price effective from Koha item type
        Humanities & Basic Sciences UITU Library UITU Library 12/25/2018 Bismillah BookDepot 1290.00   511 MOT Q12711 09/25/2024 09/25/2024 Books

Powered by Koha